000 00540nam a2200193Ia 4500
005 20250508151022.0
008 008 250505s9999 xx 000 0 eng d
037 _aTextual
040 _aFEDL
_beng
_cFEDL
041 _aeng
_2eng
084 _a155.4, GRU
_qFEDL
100 _aGruenberg Sidonie Matsner Ed.
_9392528
245 0 _aOur children today
260 _aNew York, USA
_bThe Viking Press
_c1952
300 _axviii,366p.
650 _aChild Psychology
942 _cTEXL
_h155.4, GRU
999 _c1327085
_d1327085